| 000 | 01007nam a2200253Ia 4500 | ||
|---|---|---|---|
| 003 | OSt | ||
| 005 | 20220923225152.0 | ||
| 006 | a|||||r|||| 00| 0 | ||
| 007 | ta | ||
| 008 | 220922b |||||||| |||| 00| 0 hin d | ||
| 024 | _a259,224 | ||
| 037 | _cTextual | ||
| 040 |
_aARTS _cARTS _bhin |
||
| 041 |
_2hin _ahin |
||
| 082 | _aO15,1N09,2, 152L6 | ||
| 100 |
_aवनमालिदास शास्त्री; कृष्णानन्द, अनु. _9168448 |
||
| 245 | 0 | _aश्री हरिप्रेष्ठ महाकाव्यम् | |
| 246 | _aShrī haripreṣhṭha hinākāvyam | ||
| 260 |
_aउतर प्रदेश _b वनमालिदास शास्त्री प्र0 _c1979 |
||
| 300 |
_a259पृ. _ccm. |
||
| 650 | _aसंस्कृत साहित्य | ||
| 942 |
_hO15,1N09,2, 152L6 _cTEXL _2CC |
||
| 999 |
_c376504 _d376504 |
||